000 00591nam a2200181Ia 4500
003 OSt
005 20260325110018.0
008 211028s2006 xx 000 0 und d
040 _cAIMIT LIBRARY
041 _aeng
082 _a658.3 CUTR
100 _aCutinha, Reshma M;Kamath, Ramesh
_g40911111
_95614
245 _aA study on role of banks in agriculture and rural development activities with special reference to Karnataka Bank ltd /
260 _bKamath, Ramesh
_c2006
600 _aHuman Resource Management
_95615
650 _aHuman Resource Management
_95616
942 _2ddc
_cPRO
999 _c217963
_d217963